| 000 | 00923 a2200229 4500 | ||
|---|---|---|---|
| 999 |
_c10496 _d10496 |
||
| 020 | _a9780415836074 (hardback) | ||
| 020 | _a9780415836104 (pbk.) | ||
| 050 | 0 | 0 | _aDS127.6 ZUR 2016 |
| 100 | 1 |
_aZureik, Elia, _eauthor. |
|
| 245 | 1 | 0 |
_aIsrael's Colonial Project in Palestine : _bBrutal pursuit / _cElia Zureik. |
| 264 | 1 |
_aLondon ; _aNew York, NY : _bRoutledge/Taylor & Francis Group, _c2016. |
|
| 300 | _axix, 278 pages ; | ||
| 500 | _aIncludes bibliographical references (pages 215-262) and index. | ||
| 504 | _aIncludes bibliographical references (pages 215-262) and index. | ||
| 650 | 0 |
_aIsrael-Arab War, 1967 _xOccupied territories. |
|
| 650 | 0 | _aMilitary occupation. | |
| 650 | 0 |
_aLand settlement _xGovernment policy |
|
| 651 | 0 | _aWest Bank. | |
| 651 | 0 | _aGaza Strip. | |
| 942 |
_2lcc _cBK _h127.6 _iZUR _kDS |
||